Adivina el País por un dato muy específico (Para Expertos) - Estadísticas

Estadísticas generales
  • Esta prueba ha sido intentada 55 veces
  • La puntuación promedio es 16 de 30
Estadísticas de respuestas
Dato Respuesta % Correcto
Produce más de 400 tipos distintos de queso. Francia
83%
Participó en la guerra más corta de la historia: 38 minutos. Reino Unido
78%
Tiene más de 17,000 islas y tardarías más de 40 años en visitar una por día. Indonesia
75%
Genera una parte significativa de su PIB vendiendo el dominio ".tv". Tuvalu
75%
Más del 95 % de su superficie está cubierta por desierto sin ríos. Arabia Saudita
73%
Abolió el ejército en 1949 y sigue sin fuerzas armadas. Costa Rica
73%
Es el país más feliz del mundo según el ranking anual de la ONU. Finlandia
70%
Tiene la menor densidad de población entre todos los países independientes (~0.03 hab/km²). Mongolia
65%
Cambió su bandera porque en los Juegos Olímpicos de 1936 era idéntica a la de Haití. Liechtenstein
63%
Es líder mundial en producción de dientes postizos y tripas de salchicha. Liechtenstein
63%
Tiene el récord mundial de mayor número de días consecutivos sin lluvia (más de 14 años). Chile
60%
El 37 % de su población dice creer en elfos. Islandia
60%
Su capital está dividida por una línea de separación física entre dos comunidades. Chipre
55%
Utiliza un calendario distinto al gregoriano: están en el año 103. Corea del Norte
55%
Único país que se extiende por los cuatro hemisferios del planeta. Kiribati
55%
Tiene más de 820 idiomas hablados dentro de su territorio. Papúa Nueva Guinea
55%
Tiene el castillo más grande del mundo por superficie. Polonia
50%
Aceptó oficialmente la "felicidad nacional bruta" como métrica en vez del PIB. Bután
48%
Es el país con el mayor número de volcanes activos en el mundo (más de 130). Indonesia
48%
Posee la segunda barrera de coral más grande del mundo, después de Australia (La Barrera Mesoamericana). Honduras
43%
Único país cuya bandera es diferente según el anverso y reverso. Paraguay
43%
Consume más cerveza per cápita que cualquier otro país. República Checa
43%
Hay más coches registrados que personas viviendo. San Marino
43%
Tiene un animal mitológico como símbolo nacional: el unicornio. Escocia
40%
Su edificio más pesado del mundo supera los 4 mil millones de kg. Rumanía
40%
Su bandera oficial tiene 12 colores, más que cualquier otra del mundo. Belice
38%
No tiene capital oficial designada, aunque sí sede de gobierno. Nauru
38%
Exporta más vainilla que cualquier otro país. Madagascar
35%
Utiliza discos gigantes de piedra como moneda ceremonial. Micronesia
30%
Tiene un servicio postal submarino: puedes enviar cartas desde el océano. Vanuatu
30%
No se encontraron pruebas coincidentes
Distribución de puntuación
Porcentaje de gente con cada puntuación
Porcentaje por número respondido
Historial de tus puntuaciones
No has intentado esta prueba.